Gestión de residuos tóxicos (Registro nro. 4878)
[ vista simple ]
| 000 -LEADER | |
|---|---|
| fixed length control field | 01644 a2200253 4500 |
| 001 - CONTROL NUMBER | |
| control field | 49783 |
| 005 - DATE AND TIME OF LATEST TRANSACTION | |
| control field | 20260407155758.0 |
| 008 - FIXED-LENGTH DATA ELEMENTS--GENERAL INFORMATION | |
| fixed length control field | 260407a1996 arg spa d |
| 003 - CONTROL NUMBER IDENTIFIER | |
| control field | AR-UNSa-BCEJYS |
| 040 ## - CATALOGING SOURCE | |
| Original cataloging agency | AR-UNSa-BCEJYS |
| Language of cataloging | spa |
| Transcribing agency | AR-UNSa-BCEJYS |
| 080 ## - UNIVERSAL DECIMAL CLASSIFICATION NUMBER | |
| Universal Decimal Classification number | 504.064 |
| Common auxiliary subdivision | Control de la calidad del medio ambiente. Control de la contaminación (Tratamiento de desechos( residuos). Reciclaje ) |
| 020 ## - INTERNATIONAL STANDARD BOOK NUMBER | |
| International Standard Book Number | 84-481-0712-8 |
| 041 ## - LANGUAGE CODE | |
| Language code of text/sound track or separate title | spa |
| 100 1# - MAIN ENTRY--PERSONAL NAME | |
| Personal name | LaGrega, Michael D. |
| 245 10 - TITLE STATEMENT | |
| Title | Gestión de residuos tóxicos |
| Name of part/section of a work | tratamiento, eliminación y recuperación de suelos |
| 264 #1 - PRODUCTION, PUBLICATION, DISTRIBUTION, MANUFACTURE, AND COPYRIGHT NOTICE | |
| Place of production, publication, distribution, manufacture | Madrid : |
| Name of producer, publisher, distributor, manufacturer | McGraw-Hill |
| Date of production, publication, distribution, manufacture, or copyright notice | 1996 |
| 300 ## - PHYSICAL DESCRIPTION | |
| Extent | xxix, 1316 p. |
| Dimensions | 25 cm. |
| 505 ## - FORMATTED CONTENTS NOTE | |
| Formatted contents note | PARTE I: Fundamentos: 1. Residuos tóxicos - 2. El procedimiento regulador - 3. Procesos fundamentales - 4. Destino y transporte de sustancias contaminantes - 5. Toxicología - PARTE II: Prácticas habituales de gestión: 6. Auditorias medioambientales - 7. Prevención de la contaminación - 8. Desarrollo y operatividad de las instalaciones - PARTE III: Métodos de tratamiento y eliminación - 10. Métodos biológicos - 11. Estabilización y solidificación - 12. Métodos térmicos - 13. Disposición en el terreno - PARTE IV: Recuperación del emplazamiento: 14. Valoración cuantitativa del riesgo - 15. Caracterización del emplazamiento y del subsuelo - 16. Confinamiento - 17. Análisis de alternativas de recuperación. |
| 590 ## - LOCAL NOTE (RLIN) | |
| Local note | niveau_biblio:m niveau_hierar:0 |
| 700 1# - ADDED ENTRY--PERSONAL NAME | |
| Personal name | Buckingham, Phillip L. |
| 700 1# - ADDED ENTRY--PERSONAL NAME | |
| Personal name | Evans, Jeffrey C. |
| 856 41 - ELECTRONIC LOCATION AND ACCESS | |
| Uniform Resource Identifier | <a href="https://www.biblioeco.unsa.edu.ar/pmb/images/libros/L128174.jpg">https://www.biblioeco.unsa.edu.ar/pmb/images/libros/L128174.jpg</a> |
| Link text | Imagen de portada |
| Electronic format type | image/jpeg |
| 942 ## - ADDED ENTRY ELEMENTS (KOHA) | |
| Koha item type | |
| Withdrawn status | Lost status | Damaged status | Not for loan | Home library | Current library | Shelving location | Date acquired | Total checkouts | Full call number | Barcode | Date last seen | Price effective from | Koha item type |
|---|---|---|---|---|---|---|---|---|---|---|---|---|---|
| Biblioteca Prof. Eusebio Cleto del Rey | Biblioteca Prof. Eusebio Cleto del Rey | 07/04/2026 | 504.064 L179 | L128174 | 07/04/2026 | 07/04/2026 | Libro |